Представление документа в формате MARC21

Поле Инд. ПП Название Значение
Тип записи a
Библиографический уровень m
001 Контрольный номер RU/IS/BASE/318510760
005 Дата корректировки 20150513112024.4
020 a ISBN 5-9667-0062-1
040 a Служба первич. каталог. НБ ТвГУ
b Код языка каталог. rus
e Правила каталог. PSBO
041 0_ a Код языка текста rus
080 a Индекс УДК 087.5:54
080 a Индекс УДК 821.111-32
084 a Индекс другой классификации/Индекс ББК Г.я92
084 a Индекс другой классификации/Индекс ББК Ш6(4Вел)6-44
084 a Индекс другой классификации/Индекс ББК Ч426.25
090 a Полочн. индекс Г.я92
x Авторский знак В 12
100 1_ a Автор Ваддель Томас
q Полное имя Ваддель Т.
245 10 a Заглавие Химические приключения Шерлока Холмса
b Продолж. заглавия [рассказы]
c Ответственность [пер. с англ., предисл и послесл. Э. Г. Ракова]
260 a Место издания Москва
b Издательство Чистые пруды
c Дата издания 2005
300 a Объем 30 с.
b Иллюстрации/ тип воспроизводства ил.
440 2 0
a Серия Библиотечка "Первого сентября"
440 _0 2 0
a Серия Химия
v N тома вып. 3
520 a Аннотация В брошюре приведены переводы трех рассказов с некоторыми изменениями и дополнениями американских ученых, опубликованные в журналах «Journal of Chemical Education». Каждый рассказ состоит из двух частей: в первой содержится завязка сюжета, а во второй – Холмс объясняет, как знание химии помогло ему найти разгадку преступления.
653 a Ключевые слова Занимательная химия
a Ключевые слова Преподавание химии
a Ключевые слова Химия
a Ключевые слова Химия в школе
a Ключевые слова Художественная литература
700 a Другие авторы Риболт Томас
q Полное имя Риболт, Т.
920 a Оператор Густ
930 a Новая/Ретро занимательная
a Новая/Ретро художественная
952 c Вид литературы К ру